| 000 | 01736aam a2200313 i 4500 | ||
|---|---|---|---|
| 001 | 768714001 | ||
| 003 | CO-MdFUSB | ||
| 005 | 20231005155725.0 | ||
| 007 | ta | ||
| 008 | 230927t19991999ck ||||g |||| 00| 0 spa d | ||
| 020 | _a9588092051 | ||
| 040 |
_aCO-MdFUSB _bspa _cCO-MdFUSB _dCO-MdFUSBC _erda |
||
| 041 | _aspa | ||
| 082 |
_223 _a253 _bC348 |
||
| 100 |
_aCastellanos D., César, _eautor |
||
| 245 |
_aLiderazgo de éxito a través de los 12 _c/ César Castellanos D. |
||
| 264 | 1 |
_aBogota, Colombia : _bVisión Literaria Internacional, _c[1999] |
|
| 264 | 4 | _c©1999 | |
| 300 |
_a398 páginas _c; 21 cm. |
||
| 336 |
_2rdacontent _atexto _btxt |
||
| 337 |
_2rdamedia _asin mediación _bn |
||
| 338 |
_2rdacarrier _avolumen _bnc |
||
| 505 | _aParte I. Liderazgo y visión: el poder de una visión -- La influencia del carácter -- El líder vencedor -- Pasos para alcanzar el éxito -- Parte II. Los doce sinónimos de éxito: el líder es la clave -- Conquista de naciones -- ¿Quién es quién? -- Capacitados para el triunfo -- Parte III. Visión celular: revolución del siglo XXI. Visión celular -- Una escalera hacia el éxito -- Consolidar -- Discipular y Enviar. | ||
| 520 | _aCesar y Claudia Castellanos lideran un ministerio desafiante e innovador, con las estrategias claves para la multiplicación. Liderazgo de éxito a través de los doce, ha sido dado por el Espíritu de Dios como una poderosa herramienta que nos ayudara para que su obra se lleve efectivamente a cabo, y será de gran apoyo para todos aquellos que de verdad sienten un llamado a continuar la obra iniciada por el Señor Jesucristo. | ||
| 563 | _aRústico | ||
| 650 | 7 |
_2embne _97271 _aLiderazgo cristiano |
|
| 942 | _cBK | ||
| 945 | _asor1564 | ||
| 999 |
_c69065 _d69065 |
||